| 000 | 01325nam a2200253 a 4500 | ||
|---|---|---|---|
| 999 |
_c348779 _d348779 |
||
| 003 | BLK | ||
| 005 | 20240228135454.0 | ||
| 008 | 200225b bu ||||| |||| 00| 0 bu d | ||
| 020 | _a9789540913629 | ||
| 040 | _aBLK | ||
| 041 |
_aBUL _cBUL |
||
| 080 |
_aБългарска литература _b821.163.2 _x-1 _z821.163.2-1 |
||
| 100 | 1 |
_aГранитски, Иван _qДимитров, Иван Йорданов _d1953- _gЖурналист, литературен критик, теоретик и историк, поет, публицист и издател. _955767 |
|
| 139 |
_aГранитски, Иван _bГ 77 |
||
| 245 |
_aКрипта _cИван Гранитски ; худож. Свилен Блажев _bПоезия |
||
| 260 |
_9209473 _aСофия _bЗахарий Стоянов _c2019 _fСофия : Миг принт |
||
| 300 |
_a80 с. _bс цв. ил. _c22 см |
||
| 380 | _aX | ||
| 500 | _aИван Гранитски - псевд. на авт. Иван Йорданов Димитров; Пластичните прозрения на Свилен Блажев / Иван Гранитски: с. 73-77. | ||
| 700 |
_91637 _aБлажев, Свилен Манолов _eхудож. |
||
| 942 |
_cKNG _n0 _s1 |
||
| 944 |
_aCR _c2020-02-25 _k30560 _lГеновева Генчева |
||
| 999 | _d348779 | ||